| 000 | 01565nam a2200397 c 4500 | ||
|---|---|---|---|
| 003 | BLK | ||
| 005 | 20240927170413.0 | ||
| 008 | 180408b bul|||||r ||||||| ||bul|| | ||
| 010 | _aKNG00045919000 | ||
| 020 |
_a978-954-28-0952-4 _bиздат.: Ciela Soft and Publ. |
||
| 040 | _aBLK | ||
| 041 |
_aBUL _cBUL |
||
| 072 | 7 |
_2bullib _aН92 _xИстория Н |
|
| 080 |
_aОбща световна история. История на света _b930.9 _x(02.062) _z930.9(02.062) |
||
| 100 | 1 |
_aХотън, Брайън _eпърви автор _9278112 |
|
| 700 | 1 |
_aИлиев, Илия Георгиев _972362 |
|
| 139 |
_aХотън, Брайън _bХ 70 |
||
| 245 | 1 | 0 |
_aМистерии в историята _bХора, места и необикновени неща, забулени в мрака на времето _cБрайън Хотън; прев. от англ. Илия Георгиев Илиев. |
| 257 | _aUSA | ||
| 260 |
_аСофия _bCiela Soft and Publ. _c2011 |
||
| 300 |
_a302 с. _bс ил. _c23 см |
||
| 380 | _a9 | ||
| 490 | 1 | _aHistoria incognita | |
| 500 | _aОриг. загл. Hystory's Mysteries / Brian Haughton. - Библиогр. с. 287-298. | ||
| 650 | 4 |
_aИстория, обща _9264694 |
|
| 653 | _aистория | ||
| 653 | _aартефакти | ||
| 653 | _aзагадки | ||
| 659 | _aН | ||
| 852 | _aЦб 254246 | ||
| 856 | 4 |
_qpdf _u |
|
| 856 | 4 |
_qpdf _u |
|
| 942 |
_cKNG _n0 _013 |
||
| 944 |
_aCR _c05.01.2012 _lЦветелина Шанова _k30531 |
||
| 944 |
_aED _c14.03.2013 _lф / _k |
||
| 999 |
_c42258 _d42258 |
||